00825 2200229 4500001002100000005001500021008004100036020001500077035001900092041000800111082001200119084001800131100002100149245005300170260003300223300002600256500002300282520014000305650005400445650005300499650004300552INLIS00000000000491120200508202929200508||||||||| | ||| |||| ||eng|| a0073104930 0010-0520004911 aeng0 a808.042 a808.042/KEE/I0 aMichael L. Keene00aInstant Access : the Pocket Handbook for Writers aNew YorkbMc Graw Hillc2005 avi,311. p.;20cmc20cm aIndeks : p.299-308 aPart one : Writing processes and products part two : Common writing problems part three : grammar, punctuation and mechaics from a to z 0aEnglish Language-Rhetoric-Handbooks, manuals, etc 0aEnglish Language-Grammar-Handbooks, manuals, etc 0aReport writing-Handbooks, manuals, etc